| 000 | 00616nam a2200217 a 4500 | ||
|---|---|---|---|
| 003 | SISC | ||
| 005 | 20160818132355.0 | ||
| 008 | 120910s19uu xx 00 eng d | ||
| 020 | _a9788183568920 | ||
| 050 |
_aG 516 _b.W223 2011 |
||
| 100 | _aWalsh, Thomas. | ||
| 245 |
_aAdventure tourism / _cThomas Walsh. |
||
| 250 | _a1st edition. | ||
| 260 |
_aNew Delhi, India : _bDiscovery Pub. House, _c2011. |
||
| 300 |
_a256 pages ; _c23 cm. |
||
| 500 | _aIncludes bibliographical references and index. | ||
| 650 | _aAdventure travel. | ||
| 650 | _aOutdoor recreation. | ||
| 942 |
_cBK _2lcc _kFOR |
||
| 999 |
_c25508 _d25508 |
||